BIBLIOTECA

SENCICO

Estudio de materiales y sistemas constructivos : Proyecto Majes (Registro nro. 3417)

Detalles MARC
000 -LEADER
fixed length control field 00703nam a2200169Ia 4500
005 - DATE AND TIME OF LATEST TRANSACTION
control field 20251020182613.0
008 - FIXED-LENGTH DATA ELEMENTS--GENERAL INFORMATION
fixed length control field 200515s9999 xx 000 0 und d
082 ## - DEWEY DECIMAL CLASSIFICATION NUMBER
Classification number SC/69.057.2/O36
110 ## - MAIN ENTRY--CORPORATE NAME
Corporate name or jurisdiction name as entry element Oficina de Investigación y Normalización
245 #0 - TITLE STATEMENT
Title Estudio de materiales y sistemas constructivos : Proyecto Majes
260 ## - PUBLICATION, DISTRIBUTION, ETC.
Place of publication, distribution, etc. Lima
260 ## - PUBLICATION, DISTRIBUTION, ETC.
Date of publication, distribution, etc. 1982
300 ## - PHYSICAL DESCRIPTION
Extent s.n.
520 ## - SUMMARY, ETC.
Summary, etc. Se centra en plantear algunos aspectos concernientes a la satisfacción de los requerimientos de viviendas para los asentamientos humanos que se generan en el Proyecto: construcción de 32,000 viviendas para albergar una población de 110,000 habitantes dist
650 ## - SUBJECT ADDED ENTRY--TOPICAL TERM
Topical term or geographic name entry element SISTEMAS CONSTRUCTIVOS
942 ## - ADDED ENTRY ELEMENTS (KOHA)
Koha item type Libros
Existencias
Fecha de la última vez que lo usaron Pago total Signatura topográfica completa Código de barras Precio efectivo desde Tipo de documento Estado perdido Estado dañado No es para préstamo Retirado Ubicación permanente Ubicación actual Fecha de adquisición
15/05/2020   SC/69.057.2/O36 Bib-Lima15053417 15/05/2020 Libros         Biblioteca Central Lima Biblioteca Central Lima 15/05/2020